人口が10000人以上の村 - Statistics

General Stats
  • This quiz has been taken 153 times
  • The average score is 9 of 11
Answer Stats
都道府県 人口 回答 % Correct
沖縄県 41,206人 読谷村
94%
茨城県 37,891人 東海村
94%
福島県 20,808人 西郷村
85%
沖縄県 17,969人 北中城村
83%
千葉県 13,803人 長生村
83%
沖縄県 22,157人 中城村
81%
茨城県 14,602人 美浦村
81%
青森県 10,367人 六ヶ所村
78%
群馬県 14,216人 榛東村
72%
沖縄県 10,869人 恩納村
70%
長野県 15,797人 南箕輪村
64%
No matching quizzes found
Score Distribution
Percent of People with Each Score
Percentile by Number Answered
Your Score History
You have not taken this quiz